| 000 | 00730nam a22001817a 4500 | ||
|---|---|---|---|
| 005 | 20240424114946.0 | ||
| 010 | _aHIN-127488 | ||
| 020 |
_a9789388858571 _c450.00 |
||
| 035 | _aHN-99835 | ||
| 037 | _bDBAD/PUB. | ||
| 082 | _a821 | ||
| 100 |
_aतरफदार श्रीपर्णा _965065 |
||
| 245 |
_aलोक यथार्थ ऑर धूमिल _cश्रीपर्णा तरफदार |
||
| 260 |
_aकोलकाता _bआनन्द प्रकाशन _c2020 |
||
| 270 |
_a176/178,रवीन्द्र सरणी _bकोलकाता |
||
| 300 |
_a166 पृष्ट _c23सेमी (साजिल्द) |
||
| 942 |
_adpl _cHN _2ddc _h821 _mतरफदार _e1 |
||
| 999 |
_c202352 _d202352 |
||